Montenegro-visa - Statistics

Yleistilastot
  • Tätä visaa on pelattu 267 kertaa
  • Keskiarvotulos 13 / 20
Vastaustilastot
Vihje Vastaus % Oikein
Naapurimaat Serbia
98%
Naapurimaat Kroatia
97%
Naapurimaat Albania
96%
Naapurimaat Bosnia ja Hertsegovina
96%
Naapurimaat Kosovo
96%
Valtio, jonka osa Montenegro oli 1918–1992 Jugoslavia
93%
Pääkaupunki Podgorica
87%
Lipussa oleva eläin Kotka
85%
Valuutta Euro
81%
Välimeren osa, jonka rannalla Montenegro sijaitsee Adrianmeri
78%
Virallinen kieli Montenegro
74%
Valtakunta, joka hallitsi ainakin osaa Montenegrosta 1496–1878 Osmanien valtakunta
74%
Nimen Montenegro merkitys suomeksi Musta vuori
63%
Kaupunkivaltio, joka hallitsi tuota lahtea 1420–1797 Venetsia
56%
Pääkaupungin nimi vuosina 1946–1992 {Tito}grad
30%
Suurin lahti ja maailmanperintökohde Kotorinlahti
25%
Valtionpäämiehen virkakaupunki ja entinen pääkaupunki Cetinje
17%
Suurin järvi Skutarijärvi
17%
Montenegron ruhtinas ja kuningas 1860–1918 Nikola I
13%
Suurimman osan vuodesta 1991 lähtien Montenegron pääministerinä ja presidenttinä toiminut henkilö Milo Đukanović
12%
Ehtoja vastaavia visoja ei löytynyt
Tulosjakauma
Jokaisen tuloksen saaneiden osuus
Persentiili vastausten määrän mukaan
Tuloshistoriasi
Et ole pelannut tätä visaa